000 00529nam a2200145 a 4500
001 000042992
005 20201002040545.0
008 140217s1996 dr 000 0 spa d
040 _aDO-SdBNP
_bspa
_cBNPHU
245 0 0 _aLey organica de las fuerzas armadas de la República Dominicana.
260 _aSanto Domingo :
_bNomara,
_c1996.
300 _a49 p ;
_c22 cm.
490 1 _aPublicaciones de la Jefatura de Estado Mayor, Ejercito Nacional
_v1
830 0 _aPublicaciones de la Jefatura de Estado Mayor, Ejercito Nacional
_v1
_970504
999 _c42481
_d42481